000 00823nam a22001937a 4500
003 BR-ViAPE
005 20260505132656.0
008 260505s1975 por gs||||s000 0 por d
040 _cBR-ViAPE
110 _aEspírito Santo
_bEstado
245 _aMensagem à Assembleia Legislativa Elcio Alvares Governador do Estado do Espírito Santo 1975
260 _a[s.l.]
_b[s.n.]
_c1975
300 _a182 p.
_bDocumento digitalizado (PDF)
500 _aDocumento digitalizado do acervo institucional do Arquivo Público do Estado do Espírito Santo - APEES.
650 _aAdministração pública
_zEspírito Santo
651 _aEspírito Santo
_xAdministração pública
856 _uhttps://ape.es.gov.br/Media/ape/PDF/Mensagens/Mensagem-2024/mensagem%201975-1.pdf
_yCLIQUE AQUI PARA ACESSAR O DOCUMENTO
942 _2ddc
_cMSGREL
_n1
999 _c590
_d590